| 000 | 00650nam a2200205Ia 4500 | ||
|---|---|---|---|
| 005 | 20250923145340.0 | ||
| 008 | 008 250917s9999 xx 000 0 eng d | ||
| 037 | _aTextual | ||
| 040 |
_aDSWL _beng _cDSWL |
||
| 041 |
_aeng _2eng |
||
| 084 |
_aV273:(Y)'N21 <- No, N75 _qDSWL |
||
| 100 |
_aPandey, Shreedhar Narayan _9834344 |
||
| 245 | 0 |
_aEducation and social changes in Bihar (00-1921) _c by Shreedhar Narayan Pandey |
|
| 260 |
_aDelhi _bMotilal Banarsidass _c1975 |
||
| 300 | _avii,275p. | ||
| 365 |
_aINR _b31 . 50 |
||
| 925 | _g31 . 50 | ||
| 942 |
_cTEXL _hV273:(Y)'N21 <- No, N75 |
||
| 999 |
_c1450293 _d1450293 |
||